000 00728nam a2200253Ia 4500
003 OSt
005 20221006160758.0
006 a|||||r|||| 00| 0
007 ta
008 221006b |||||||| |||| 00| 0 eng d
020 _a9781597265515
_cf22.99
024 _a46,322
037 _cTextual
040 _aEASL
_cEASL
_beng
041 _2eng
_aeng
082 _aYOaX.41, P7
100 _aGRUMBINE R. Edward
_9675041
245 0 _aWhere the dragon meets the angry river
_b nature and power in the people's republic of China
260 _aWashington
_bIsland Press
_c2010
300 _a236p.
_ccm.
490 _v CEL
942 _hYOaX.41, P7
_cTEXL
_2CC
999 _c1114414
_d1114414